Tunnista kolmen valtion rajapisteet #4 - Statistics

Yleistilastot
  • Tätä visaa on pelattu 320 kertaa
  • Keskiarvotulos 17 / 27
Vastaustilastot
Kuvavisa Vastaus % Oikein
Venäjä
91%
Liettua
85%
Puola
85%
Somalia
77%
Belgia
74%
Saksa
74%
Alankomaat
73%
Chile
73%
Etiopia
73%
Kenia
71%
Peru
71%
Bolivia
70%
Kamerun
63%
Italia
60%
Itävalta
60%
Slovenia
60%
Gabon
59%
Päiväntasaajan Guinea
59%
Turkki
51%
Irak
50%
Laos
49%
Vietnam
49%
Syyria
48%
Kambodža
46%
Honduras
39%
El Salvador
38%
Guatemala
38%
Ehtoja vastaavia visoja ei löytynyt
Tulosjakauma
Jokaisen tuloksen saaneiden osuus
Persentiili vastausten määrän mukaan
Tuloshistoriasi
Et ole pelannut tätä visaa